[Event "Dos Hermanas Internet qual-B 10th"]
[Site "ICC INT"]
[Date "2009.03.13"]
[Round "10"]
[White "Cubas, Jose Fernando"]
[Black "Nureev, Garun"]
[Result "0-1"]
[WhiteElo "2438"]
[BlackElo "2340"]
[PlyCount "154"]
[EventDate "2009.03.13"]
[EventType "swiss (blitz)"]
[EventRounds "12"]
[EventCountry "ESP"]
[SourceTitle "CBM 129 Extra"]
[Source "ChessBase"]
[SourceDate "2009.05.05"]
[SourceVersion "2"]
[SourceVersionDate "2009.05.20"]
[SourceQuality "1"]

1. e4 d5 2. exd5 Nf6 3. d4 Nxd5 4. Nf3 g6 5. c4 Nb6 6. Nc3 Bg7 7. c5 Nd5 8. Bc4
Nxc3 9. bxc3 O-O 10. O-O Nc6 11. h3 b6 12. Ba3 Na5 13. Be2 Bb7 14. Re1 Re8 15.
Bf1 Bf6 16. Ne5 a6 17. Rb1 b5 18. Ng4 Qd5 19. Qc2 Nc4 20. Bc1 h5 21. Ne3 Nxe3
22. fxe3 Bh4 23. e4 Qc6 24. Re2 e5 25. Ba3 exd4 26. cxd4 Rxe4 27. Rxe4 Qxe4 28.
Qxe4 Bxe4 29. Rd1 Bd5 30. Bb4 a5 31. Bd2 c6 32. a3 Bf6 33. Bc3 a4 34. Kf2 Rd8
35. Be2 h4 36. Bf3 Kg7 37. Bxd5 Rxd5 38. Ke3 Be7 39. Rd2 Bg5+ 40. Ke4 Bxd2 41.
Bxd2 f5+ 42. Kd3 Kf6 43. Be1 g5 44. Bd2 g4 45. Be1 Kg5 46. Bd2+ f4 47. Ke4 Rf5
48. Bc1 gxh3 49. gxh3 Rd5 50. Bxf4+ Kg6 51. Be5 Kf7 52. Bf4 Ke6 53. Bd2 Rf5 54.
Bb4 Rf2 55. d5+ cxd5+ 56. Ke3 Rc2 57. Kd3 Rc4 58. Kd2 Kd7 59. Kd3 Kc6 60. Kd2
Rxc5 61. Bxc5 Kxc5 62. Kd3 d4 63. Kd2 Kc4 64. Ke2 b4 65. Kf3 d3 66. Kg4 d2 67.
Kxh4 d1=Q 68. Kg5 bxa3 69. Kf6 Qd5 70. Ke7 a2 71. Kf6 Qh5 72. h4 Qxh4+ 73. Kf7
a1=Q 74. Kg6 Qae1 75. Kf7 Qhf2+ 76. Kg6 Qeg1+ 77. Kh5 Qfh2# 0-1

[Event "Dos Hermanas Internet qual-B 10th"]
[Site "ICC INT"]
[Date "2009.03.13"]
[Round "11"]
[White "Coleman, Maxx W"]
[Black "Cubas, Jose Fernando"]
[Result "0-1"]
[WhiteElo "2212"]
[BlackElo "2438"]
[PlyCount "82"]
[EventDate "2009.03.13"]
[EventType "swiss (blitz)"]
[EventRounds "12"]
[EventCountry "ESP"]
[SourceTitle "CBM 129 Extra"]
[Source "ChessBase"]
[SourceDate "2009.05.05"]
[SourceVersion "2"]
[SourceVersionDate "2009.05.20"]
[SourceQuality "1"]

1. c4 e6 2. Nc3 d5 3. d4 Nf6 4. cxd5 exd5 5. Nf3 Be7 6. Bg5 O-O 7. e3 c6 8. Qc2
Re8 9. Bd3 h6 10. Bf4 Nbd7 11. O-O-O c5 12. Kb1 a6 13. h3 b5 14. g4 c4 15. Bf5
b4 16. Ne2 b3 17. axb3 cxb3 18. Qxb3 Nb6 19. Ng3 Nc4 20. Nd2 Bd6 21. Nxc4 Bxf4
22. exf4 Rb8 23. Qxb8 Bxf5+ 24. Nxf5 Qxb8 25. Ne5 Ne4 26. Rc1 Qb3 27. Rc2 Rb8
28. f3 Nc3+ 29. Kc1 Qa2 30. bxc3 Qa1+ 31. Kd2 Qxh1 32. c4 Qh2+ 33. Kc3 Qxf4 34.
cxd5 f6 35. Nc6 Qxf3+ 36. Kc4 Qb3+ 37. Kc5 Rb5+ 38. Kd6 Rxd5+ 39. Kc7 Rxf5 40.
Re2 Rb5 41. Re8+ Kh7 0-1

[Event "Dos Hermanas Internet qual-B 10th"]
[Site "ICC INT"]
[Date "2009.03.13"]
[Round "12"]
[White "Cubas, Jose Fernando"]
[Black "Capo Vidal, Uriel"]
[Result "0-1"]
[WhiteElo "2438"]
[BlackElo "2336"]
[PlyCount "98"]
[EventDate "2009.03.13"]
[EventType "swiss (blitz)"]
[EventRounds "12"]
[EventCountry "ESP"]
[SourceTitle "CBM 129 Extra"]
[Source "ChessBase"]
[SourceDate "2009.05.05"]
[SourceVersion "2"]
[SourceVersionDate "2009.05.20"]
[SourceQuality "1"]

1. e4 c5 2. Nf3 e6 3. d4 cxd4 4. Nxd4 Nc6 5. Nc3 Qc7 6. Be3 a6 7. Bd3 Nf6 8.
O-O Nxd4 9. Bxd4 Bc5 10. Bxc5 Qxc5 11. Kh1 d6 12. Qe1 O-O 13. f4 e5 14. Qh4 b5
15. a3 Rb8 16. Rad1 a5 17. Nd5 Nxd5 18. exd5 f5 19. fxe5 dxe5 20. b4 axb4 21.
axb4 Qd6 22. Rf2 e4 23. Be2 Bd7 24. Rdf1 h6 25. g4 g5 26. Qh3 f4 27. Qc3 Qf6
28. Qxf6 Rxf6 29. c4 bxc4 30. Bxc4 Rxb4 31. Rc2 Rd6 32. Ra1 Bxg4 33. Ra8+ Kg7
34. Ba2 Bf3+ 35. Kg1 Kf6 36. Rf8+ Ke5 37. Re8+ Kd4 38. Rec8 Rdb6 39. d6 Bg4 40.
R8c5 Rxd6 41. R2c4+ Rxc4 42. Rxc4+ Ke3 43. Rc3+ Rd3 44. Rc1 Rd1+ 45. Rxd1 Bxd1
46. Bf7 Kd2 47. Bg6 e3 48. Bd3 Kxd3 49. Kg2 e2 0-1

[Event "Dos Hermanas Internet qual-D 10th"]
[Site "ICC INT"]
[Date "2009.03.14"]
[Round "2"]
[White "Paramos Dominguez, Roberto"]
[Black "Cubas, Jose Fernando"]
[Result "0-1"]
[WhiteElo "2429"]
[BlackElo "2438"]
[PlyCount "112"]
[EventDate "2009.03.14"]
[EventType "swiss (blitz)"]
[EventRounds "12"]
[EventCountry "ESP"]
[SourceTitle "EXT 2010"]
[Source "ChessBase"]
[SourceDate "2010.11.25"]
[SourceVersion "1"]
[SourceVersionDate "2010.11.25"]
[SourceQuality "1"]

1. e4 c5 2. Nf3 d6 3. d4 cxd4 4. Nxd4 Nf6 5. Nc3 g6 6. Be3 Bg7 7. f3 Nc6 8. Qd2
O-O 9. O-O-O Bd7 10. h4 h5 11. Kb1 Rc8 12. Nb3 Ne5 13. Bh6 Nc4 14. Bxc4 Rxc4
15. Bxg7 Kxg7 16. g4 hxg4 17. h5 Rh8 18. hxg6 fxg6 19. e5 dxe5 20. fxg4 Rxh1
21. Rxh1 Rxg4 22. Nc5 Qc7 23. Qh6+ Kf7 24. N3e4 Nxe4 25. Qh7+ Kf6 26. Qh8+ Kf5
27. Nxe4 Kxe4 28. Re1+ Kd5 29. Qh1+ e4 30. Rd1+ Kc6 31. Qe1 b6 32. Qd2 Kb7 33.
Qxd7 Qxd7 34. Rxd7+ Kc6 35. Rd1 e3 36. Re1 Re4 37. c3 g5 38. Kc2 g4 39. Kd3 Re6
40. Rg1 e2 41. Kd2 g3 42. Ke1 Re3 43. Kd2 e1=Q+ 44. Rxe1 Rxe1 45. Kxe1 Kd5 46.
Kf1 Ke4 47. Kg2 Kd3 48. Kxg3 Kc2 49. Kf4 Kxb2 50. c4 Kxa2 51. Ke5 Kb3 52. Ke6
Kxc4 53. Kxe7 b5 54. Kd6 b4 55. Kc7 b3 56. Kb7 b2 0-1

[Event "Dos Hermanas Internet qual-D 10th"]
[Site "ICC INT"]
[Date "2009.03.14"]
[Round "3"]
[White "Cubas, Jose Fernando"]
[Black "Jimenez, Joaquin Rodrigo"]
[Result "1/2-1/2"]
[WhiteElo "2438"]
[BlackElo "2249"]
[PlyCount "134"]
[EventDate "2009.03.14"]
[EventType "swiss (blitz)"]
[EventRounds "12"]
[EventCountry "ESP"]
[SourceTitle "EXT 2010"]
[Source "ChessBase"]
[SourceDate "2010.11.25"]
[SourceVersion "1"]
[SourceVersionDate "2010.11.25"]
[SourceQuality "1"]

1. e4 e5 2. Nf3 Nc6 3. Bc4 Nf6 4. d3 Be7 5. c3 O-O 6. Bb3 d5 7. Qe2 dxe4 8.
dxe4 Bc5 9. h3 Qe7 10. Nbd2 Be6 11. Nf1 Bxb3 12. axb3 Nd7 13. b4 Bb6 14. Ng3 g6
15. Bh6 Rfe8 16. h4 Nd8 17. h5 f6 18. hxg6 hxg6 19. Bd2 Nf7 20. Nh4 Nf8 21.
Nhf5 Qd7 22. O-O-O Rad8 23. Ne3 Qa4 24. Kb1 a5 25. bxa5 Bxa5 26. Nd5 Rd6 27.
Bc1 Ra8 28. Qc2 Qxc2+ 29. Kxc2 Rad8 30. b4 Bb6 31. Ne3 Rxd1 32. Rxd1 Rxd1 33.
Nxd1 Ne6 34. Be3 Bxe3 35. fxe3 Kf8 36. c4 Ke7 37. Nc3 c6 38. c5 Nfg5 39. Nf1
Nf7 40. Nd2 Nc7 41. Nc4 Ne6 42. Na5 Nfd8 43. Na4 Kd7 44. Nb6+ Kc7 45. Nbc4 Nf7
46. Kd3 f5 47. exf5 gxf5 48. g3 f4 49. gxf4 exf4 50. exf4 Nxf4+ 51. Ke4 Nd5 52.
Nd6 Nxd6+ 53. cxd6+ Kxd6 54. Nxb7+ Kc7 55. b5 cxb5 56. Kxd5 Kxb7 57. Kc5 Ka6
58. Kb4 Kb6 59. Kb3 Kc5 60. Kc3 b4+ 61. Kb3 Kb5 62. Kb2 Kc4 63. Kc2 b3+ 64. Kb2
Kb4 65. Kb1 Ka3 66. Ka1 b2+ 67. Kb1 Kb3 1/2-1/2

[Event "Dos Hermanas Internet qual-D 10th"]
[Site "ICC INT"]
[Date "2009.03.14"]
[Round "4"]
[White "Kiselev, Vitaliy1"]
[Black "Cubas, Jose Fernando"]
[Result "1-0"]
[WhiteElo "2539"]
[BlackElo "2438"]
[PlyCount "119"]
[EventDate "2009.03.14"]
[EventType "swiss (blitz)"]
[EventRounds "12"]
[EventCountry "ESP"]
[SourceTitle "EXT 2010"]
[Source "ChessBase"]
[SourceDate "2010.11.25"]
[SourceVersion "1"]
[SourceVersionDate "2010.11.25"]
[SourceQuality "1"]

1. d4 d5 2. c4 c6 3. Nc3 Nf6 4. Nf3 dxc4 5. g3 Nbd7 6. Bg2 Qc7 7. Bf4 Qb6 8.
Qc2 Nd5 9. Bd2 e6 10. O-O Be7 11. Ne4 h6 12. Rab1 Qa6 13. Nc3 O-O 14. a3 b5 15.
e4 N5f6 16. Rfe1 Rd8 17. d5 cxd5 18. exd5 Nc5 19. dxe6 Bxe6 20. Nd4 Rac8 21.
Ncxb5 Qb6 22. Nxe6 Nxe6 23. Nc3 Nd4 24. Qd1 Bf8 25. Be3 Qd6 26. Bxd4 Qxd4 27.
Qxd4 Rxd4 28. Rbd1 Rcd8 29. Rxd4 Rxd4 30. Rd1 Rxd1+ 31. Nxd1 Nd7 32. Bf1 Ne5
33. f4 Bc5+ 34. Kg2 Nc6 35. Bxc4 Kf8 36. Kf3 Nd4+ 37. Ke4 Nc2 38. Bd3 Ne1 39.
b4 Bg1 40. h3 Bh2 41. g4 Nxd3 42. Kxd3 Bxf4 43. Ke4 Bb8 44. Nc3 Ke7 45. Kd5 g6
46. b5 f5 47. gxf5 gxf5 48. a4 Kf6 49. a5 Kg5 50. Kc6 f4 51. Kb7 Be5 52. Ne4+
Kf5 53. Nf2 f3 54. Nd3 Bd4 55. Kc6 Ke4 56. Ne1 f2 57. Nc2 f1=Q 58. Nxd4 Qc4+
59. Kb7 Qxd4 60. Ka6 $138 1-0

[Event "Dos Hermanas Internet qual-D 10th"]
[Site "ICC INT"]
[Date "2009.03.14"]
[Round "7"]
[White "Cubas, Jose Fernando"]
[Black "Matthiesen, Martin"]
[Result "1-0"]
[WhiteElo "2438"]
[BlackElo "2291"]
[PlyCount "73"]
[EventDate "2009.03.14"]
[EventType "swiss (blitz)"]
[EventRounds "12"]
[EventCountry "ESP"]
[SourceTitle "EXT 2010"]
[Source "ChessBase"]
[SourceDate "2010.11.25"]
[SourceVersion "1"]
[SourceVersionDate "2010.11.25"]
[SourceQuality "1"]

1. e4 c5 2. Nf3 d6 3. d4 cxd4 4. Nxd4 Nf6 5. Nc3 a6 6. f4 e5 7. Nf3 Nbd7 8. a4
Be7 9. Bd3 O-O 10. O-O exf4 11. Kh1 Nc5 12. Bxf4 Bg4 13. Qd2 Bh5 14. Be3 Rc8
15. Nd4 Re8 16. Rae1 Bf8 17. Bg1 Bg6 18. Nf5 Qd7 19. Bd4 Ng4 20. Nd5 Ne5 21.
Bxc5 dxc5 22. c4 f6 23. b3 Qd8 24. Re3 Bf7 25. Rg3 Kh8 26. Bc2 b5 27. axb5 axb5
28. cxb5 c4 29. bxc4 Nxc4 30. Qd3 g6 31. Nh4 Bxd5 32. exd5 Ne5 33. Qd2 Bd6 34.
Bxg6 hxg6 35. Qh6+ Kg8 36. Nxg6 Ng4 37. Rxg4 1-0

[Event "Dos Hermanas Internet qual-D 10th"]
[Site "ICC INT"]
[Date "2009.03.14"]
[Round "8"]
[White "Fier, Alexandr"]
[Black "Cubas, Jose Fernando"]
[Result "1-0"]
[WhiteElo "2590"]
[BlackElo "2438"]
[PlyCount "21"]
[EventDate "2009.03.14"]
[EventType "swiss (blitz)"]
[EventRounds "12"]
[EventCountry "ESP"]
[SourceTitle "EXT 2010"]
[Source "ChessBase"]
[SourceDate "2010.11.25"]
[SourceVersion "1"]
[SourceVersionDate "2010.11.25"]
[SourceQuality "1"]

1. d4 d5 2. c4 e6 3. Nf3 Nf6 4. Nc3 c5 5. cxd5 c4 6. dxe6 Bxe6 7. e4 Be7 8. d5
Bc8 9. e5 Nfd7 10. d6 Bf8 11. Bxc4 1-0

[Event "Dos Hermanas Internet qual-D 10th"]
[Site "ICC INT"]
[Date "2009.03.14"]
[Round "9"]
[White "Cubas, Jose Fernando"]
[Black "Torsani Pires, Marcos Vinicius"]
[Result "0-1"]
[WhiteElo "2438"]
[BlackElo "2095"]
[PlyCount "82"]
[EventDate "2009.03.14"]
[EventType "swiss (blitz)"]
[EventRounds "12"]
[EventCountry "ESP"]
[SourceTitle "EXT 2010"]
[Source "ChessBase"]
[SourceDate "2010.11.25"]
[SourceVersion "1"]
[SourceVersionDate "2010.11.25"]
[SourceQuality "1"]

1. e4 c5 2. Nf3 d6 3. Bc4 Nf6 4. d3 g6 5. e5 dxe5 6. Nxe5 e6 7. Bb5+ Nbd7 8.
Qf3 Bg7 9. Bg5 h6 10. Nxd7 Bxd7 11. Bxd7+ Kxd7 12. Qxb7+ Qc7 13. Qxc7+ Kxc7 14.
Bf4+ Kc6 15. Nc3 Nd5 16. Bd2 Rab8 17. O-O Rxb2 18. Nxd5 exd5 19. Rfc1 Rxc2 20.
Rxc2 Bxa1 21. Be3 d4 22. Bd2 Rb8 23. h4 Rb1+ 24. Kh2 Rb2 25. Rxb2 Bxb2 26. Bxh6
c4 27. dxc4 Kc5 28. g4 Kxc4 29. h5 gxh5 30. gxh5 d3 31. Kg3 Kc3 32. Kf3 Kc2 33.
Ke4 d2 34. Bxd2 Kxd2 35. Kd5 Ke2 36. f4 Kf3 37. Kd6 Kxf4 38. Ke7 f5 39. Kf7 Ke4
40. Kg6 f4 41. a4 f3 0-1

[Event "Dos Hermanas Internet qual-D 10th"]
[Site "ICC INT"]
[Date "2009.03.14"]
[Round "10"]
[White "Herman, Matthew J"]
[Black "Cubas, Jose Fernando"]
[Result "1-0"]
[WhiteElo "2149"]
[BlackElo "2438"]
[PlyCount "59"]
[EventDate "2009.03.14"]
[EventType "swiss (blitz)"]
[EventRounds "12"]
[EventCountry "ESP"]
[SourceTitle "EXT 2010"]
[Source "ChessBase"]
[SourceDate "2010.11.25"]
[SourceVersion "1"]
[SourceVersionDate "2010.11.25"]
[SourceQuality "1"]

1. e4 c5 2. Nf3 d6 3. d4 cxd4 4. Nxd4 Nf6 5. Nc3 g6 6. Be3 Bg7 7. f3 Nc6 8. Bc4
O-O 9. Qd2 Nd7 10. O-O-O Nb6 11. Bb3 Na5 12. Bg5 Nac4 13. Qe2 Ne5 14. g4 a5 15.
a3 a4 16. Ba2 Bd7 17. Kb1 Rc8 18. Nd5 Nxd5 19. exd5 Qb6 20. Be3 Qc7 21. h4 b5
22. c3 Nc4 23. Bc1 Rfe8 24. h5 Qc5 25. hxg6 hxg6 26. Qh2 Qxd5 27. Qh7+ Kf8 28.
Bh6 e5 29. Qxg7+ Ke7 30. Bg5# 1-0

[Event "Dos Hermanas Internet qual-D 10th"]
[Site "ICC INT"]
[Date "2009.03.14"]
[Round "11"]
[White "Cubas, Jose Fernando"]
[Black "Bordonada, Glenn"]
[Result "0-1"]
[WhiteElo "2438"]
[BlackElo "2385"]
[PlyCount "88"]
[EventDate "2009.03.14"]
[EventType "swiss (blitz)"]
[EventRounds "12"]
[EventCountry "ESP"]
[SourceTitle "EXT 2010"]
[Source "ChessBase"]
[SourceDate "2010.11.25"]
[SourceVersion "1"]
[SourceVersionDate "2010.11.25"]
[SourceQuality "1"]

1. a3 e5 2. e3 d5 3. d4 Nd7 4. c4 exd4 5. exd4 Ngf6 6. Nf3 Be7 7. Nc3 O-O 8.
Bd3 dxc4 9. Bxc4 Nb6 10. Ba2 Bg4 11. O-O Bxf3 12. Qxf3 c6 13. Be3 Nbd5 14. Rac1
Re8 15. Rfd1 Bd6 16. Bb1 Qd7 17. Bf5 Qe7 18. Re1 Qf8 19. Bg5 Rxe1+ 20. Rxe1 Re8
21. Rxe8 Qxe8 22. g3 Qe1+ 23. Kg2 g6 24. Bxf6 Nxf6 25. Bxg6 hxg6 26. Qxf6 Bxa3
27. Ne4 Qxe4+ 28. Kg1 Bxb2 29. h4 Bxd4 30. Qd8+ Kg7 31. h5 Qe1+ 32. Kg2 Qxf2+
33. Kh3 Qf1+ 34. Kh4 Bf6+ 35. Qxf6+ Qxf6+ 36. Kh3 Qf5+ 37. Kg2 Qxh5 38. Kf2 Qe5
39. Kg2 Kf6 40. Kh3 Kg5 41. Kg2 Kg4 42. Kf2 Qe4 43. Kf1 Kf3 44. g4 Qe2+ 0-1

[Event "Dos Hermanas Internet qual-E 10th"]
[Site "ICC INT"]
[Date "2009.03.15"]
[Round "2"]
[White "Latorre Lopez Moreira, Luis Matias"]
[Black "Cubas, Jose Fernando"]
[Result "0-1"]
[WhiteElo "1967"]
[BlackElo "2438"]
[PlyCount "62"]
[EventDate "2009.03.15"]
[EventType "swiss (blitz)"]
[EventRounds "12"]
[EventCountry "ESP"]
[SourceTitle "CBM 129 Extra"]
[Source "ChessBase"]
[SourceDate "2009.05.05"]
[SourceVersion "2"]
[SourceVersionDate "2009.05.20"]
[SourceQuality "1"]

1. e4 c6 2. d4 d5 3. exd5 cxd5 4. c4 Nf6 5. Nc3 Nc6 6. Bg5 e6 7. Nf3 Be7 8. Bd3
dxc4 9. Bxc4 O-O 10. O-O b6 11. Re1 Bb7 12. Bb3 Rc8 13. Bc2 Nb4 14. Bb1 Bxf3
15. Qxf3 Qxd4 16. a3 Nbd5 17. Ne4 Nxe4 18. Rxe4 Qxb2 19. Re1 Bxg5 20. Qe4 g6
21. Bd3 Bf6 22. Rab1 Qxa3 23. h4 Bg7 24. h5 Nf6 25. Qf3 Nxh5 26. g4 Nf6 27. Qg2
Nd5 28. Be4 Nf4 29. Qh2 e5 30. Re3 Rc3 31. Qg3 Ne2+ 0-1

[Event "Dos Hermanas Internet qual-E 10th"]
[Site "ICC INT"]
[Date "2009.03.15"]
[Round "3"]
[White "Cubas, Jose Fernando"]
[Black "Kononenko, Dmitry"]
[Result "0-1"]
[WhiteElo "2438"]
[BlackElo "2574"]
[PlyCount "86"]
[EventDate "2009.03.15"]
[EventType "swiss (blitz)"]
[EventRounds "12"]
[EventCountry "ESP"]
[SourceTitle "CBM 129 Extra"]
[Source "ChessBase"]
[SourceDate "2009.05.05"]
[SourceVersion "2"]
[SourceVersionDate "2009.05.20"]
[SourceQuality "1"]

1. e4 c6 2. d4 d5 3. e5 Bf5 4. Be3 e6 5. Nd2 Nd7 6. Nb3 Ne7 7. Nf3 h6 8. Be2
Bh7 9. O-O Nf5 10. Bd2 Be7 11. Ne1 a6 12. Nd3 O-O 13. f4 Qb6 14. c3 c5 15. dxc5
Nxc5 16. Ndxc5 Bxc5+ 17. Nxc5 Qxc5+ 18. Kh1 d4 19. Qe1 Rfd8 20. Rc1 Ne3 21.
Bxe3 dxe3 22. Rd1 Bc2 23. Rc1 Rd2 24. Bf3 Bd3 25. Rg1 Rxb2 26. Rd1 Bb5 27. Bxb7
Rb8 28. Be4 Re2 29. Qh4 Rd2 30. Rb1 Rbd8 31. h3 Qxc3 32. Qg3 Qd4 33. Bf3 e2 34.
Rge1 Qe3 35. f5 exf5 36. Qh4 Qxe5 37. a4 R8d4 38. Qf2 Bxa4 39. Rb6 Bb5 40. Rb7
Rd1 41. Bxe2 Rxe1+ 42. Qxe1 Qxe2 43. Rb8+ Kh7 0-1

[Event "Dos Hermanas Internet qual-E 10th"]
[Site "ICC INT"]
[Date "2009.03.15"]
[Round "4"]
[White "Ashok, Kumar R"]
[Black "Cubas, Jose Fernando"]
[Result "0-1"]
[WhiteElo "1887"]
[BlackElo "2438"]
[PlyCount "62"]
[EventDate "2009.03.15"]
[EventType "swiss (blitz)"]
[EventRounds "12"]
[EventCountry "ESP"]
[SourceTitle "CBM 129 Extra"]
[Source "ChessBase"]
[SourceDate "2009.05.05"]
[SourceVersion "2"]
[SourceVersionDate "2009.05.20"]
[SourceQuality "1"]

1. d4 d5 2. c4 e6 3. Nc3 Nf6 4. cxd5 exd5 5. Bg5 Nbd7 6. e3 c6 7. Qc2 Be7 8.
Bd3 O-O 9. Nf3 Re8 10. O-O Nf8 11. Rab1 a5 12. a3 Ne6 13. Bh4 g6 14. b4 axb4
15. axb4 Ng7 16. Rfc1 Bf5 17. b5 Bxd3 18. Qxd3 Ra3 19. bxc6 bxc6 20. Qc2 Nf5
21. Bg3 Nxg3 22. hxg3 Ra6 23. Ne5 Bd6 24. Nd3 h5 25. Ra1 Rxa1 26. Rxa1 Ng4 27.
Qe2 Bxg3 28. fxg3 Rxe3 29. Qf1 Rxg3 30. Ne5 Nxe5 31. dxe5 Rxc3 0-1

[Event "Dos Hermanas Internet qual-E 10th"]
[Site "ICC INT"]
[Date "2009.03.15"]
[Round "6"]
[White "Jaracz, Pawel"]
[Black "Cubas, Jose Fernando"]
[Result "0-1"]
[WhiteElo "2518"]
[BlackElo "2438"]
[PlyCount "106"]
[EventDate "2009.03.15"]
[EventType "swiss (blitz)"]
[EventRounds "12"]
[EventCountry "ESP"]
[SourceTitle "CBM 129 Extra"]
[Source "ChessBase"]
[SourceDate "2009.05.05"]
[SourceVersion "2"]
[SourceVersionDate "2009.05.20"]
[SourceQuality "1"]

1. d4 d5 2. c4 e6 3. Nf3 Nf6 4. Nc3 Bb4 5. Qa4+ Nc6 6. a3 Bxc3+ 7. bxc3 O-O 8.
Bg5 h6 9. Bxf6 Qxf6 10. e3 Qg6 11. g3 Rd8 12. Be2 Bd7 13. cxd5 exd5 14. Qb3
Rab8 15. O-O Bh3 16. Rfc1 Rd6 17. c4 Na5 18. Qa4 Nxc4 19. Qxa7 Re8 20. Qxb7
Nxe3 21. fxe3 Rxe3 22. Re1 Qe4 23. Qb8+ Kh7 24. Qb1 f5 25. Qxe4 dxe4 26. Ne5
Rxd4 27. Bh5 Rxe1+ 28. Rxe1 g5 29. Rc1 Kg7 30. Rxc7+ Kf6 31. Nc4 Rd3 32. Rc6+
Ke7 33. Be2 Rc3 34. Rxh6 f4 35. gxf4 gxf4 36. Kf2 f3 37. Rxh3 Rc2 38. Rxf3 exf3
39. Kxf3 Kf6 40. h4 Rc3+ 41. Ke4 Rh3 42. h5 Rh4+ 43. Kd5 Rh2 44. Bd3 Rh4 45.
Bg6 Ke7 46. Kc5 Kd7 47. a4 Kc7 48. a5 Rg4 49. a6 Rg5+ 50. Kb4 Kb8 51. Be4 Ka7
52. h6 Rh5 53. h7 Rh4 0-1

[Event "Dos Hermanas Internet qual-E 10th"]
[Site "ICC INT"]
[Date "2009.03.15"]
[Round "7"]
[White "Guliyev, Namig"]
[Black "Cubas, Jose Fernando"]
[Result "0-1"]
[WhiteElo "2535"]
[BlackElo "2438"]
[PlyCount "156"]
[EventDate "2009.03.15"]
[EventType "swiss (blitz)"]
[EventRounds "12"]
[EventCountry "ESP"]
[SourceTitle "CBM 129 Extra"]
[Source "ChessBase"]
[SourceDate "2009.05.05"]
[SourceVersion "2"]
[SourceVersionDate "2009.05.20"]
[SourceQuality "1"]

1. e4 e6 2. d4 d5 3. Nc3 Nf6 4. e5 Nfd7 5. f4 c5 6. Nf3 Nc6 7. Be3 Rb8 8. Qd2
Qa5 9. Be2 b5 10. O-O b4 11. Nd1 Ba6 12. Nf2 Bxe2 13. Qxe2 cxd4 14. Nxd4 Nxd4
15. Bxd4 Bc5 16. c3 O-O 17. Kh1 bxc3 18. Bxc3 Qb6 19. Nd3 Bd4 20. f5 Bxc3 21.
bxc3 exf5 22. Rxf5 Rbe8 23. Raf1 f6 24. Qf3 Qe6 25. exf6 Rxf6 26. Rxf6 Nxf6 27.
Nf4 Qe4 28. Qf2 h6 29. h3 a5 30. Qc5 a4 31. Kh2 Qe5 32. Kh1 Qf5 33. Kg1 Re4 34.
Nd3 Qe6 35. Nb4 Re2 36. Rf2 Re1+ 37. Rf1 Re2 38. Rf2 Rxf2 39. Qxf2 Ne4 40. Qd4
Nf6 41. Kf2 a3 42. Nd3 Qf5+ 43. Kg1 Ne4 44. Nb4 Kh7 45. Nxd5 Ng3 46. Ne3 Ne2+
47. Kh2 Nxd4 48. Nxf5 Nxf5 49. g4 Nd6 50. Kg2 Nb5 51. c4 Nc3 52. c5 Nb5 53. c6
Kg6 54. Kf3 Kf6 55. Kf4 g5+ 56. Ke4 Ke6 57. Kd3 Kd6 58. Ke4 Kxc6 59. Kf5 Nc3
60. Kg6 Nxa2 61. Kxh6 Nb4 62. Kxg5 a2 63. h4 a1=Q 64. h5 Qh8 65. h6 Kd6 66. Kh5
Ke7 67. g5 Ke6 68. g6 Qe5+ 69. Kg4 Qf6 70. Kh5 Qf5+ 71. Kh4 Qxg6 72. h7 Qxh7+
73. Kg3 Qf7 74. Kg4 Ke5 75. Kg3 Ke4 76. Kh4 Qg6 77. Kh3 Kf3 78. Kh2 Qg2# 0-1

[Event "Dos Hermanas Internet qual-E 10th"]
[Site "ICC INT"]
[Date "2009.03.15"]
[Round "8"]
[White "Cubas, Jose Fernando"]
[Black "Bispo, Leonardo"]
[Result "1-0"]
[WhiteElo "2438"]
[BlackElo "2131"]
[PlyCount "107"]
[EventDate "2009.03.15"]
[EventType "swiss (blitz)"]
[EventRounds "12"]
[EventCountry "ESP"]
[SourceTitle "CBM 129 Extra"]
[Source "ChessBase"]
[SourceDate "2009.05.05"]
[SourceVersion "2"]
[SourceVersionDate "2009.05.20"]
[SourceQuality "1"]

1. e4 e5 2. d4 Qh4 3. Qd3 Nf6 4. Nd2 d5 5. exd5 Qxd4 6. Ngf3 Qxd3 7. Bxd3 Nxd5
8. Nxe5 Nd7 9. Nxd7 Bxd7 10. O-O O-O-O 11. Bc4 Be6 12. c3 Kb8 13. Nf3 Nxc3 14.
Bxe6 Ne2+ 15. Kh1 fxe6 16. Be3 Bd6 17. g3 e5 18. Rad1 h6 19. Rfe1 Rhf8 20. Kg2
Nd4 21. Bxd4 exd4 22. Nxd4 Rde8 23. Ne6 Rf6 24. Nxg7 Rxe1 25. Rxe1 b6 26. Ne8
Rg6 27. Nxd6 Rxd6 28. Re2 c5 29. g4 b5 30. h4 Kc7 31. g5 hxg5 32. hxg5 c4 33.
f4 b4 34. Kf3 Kc6 35. f5 Kc5 36. g6 Rf6 37. Kg4 Kd4 38. g7 Kd3 39. Rh2 c3 40.
g8=Q Rd6 41. bxc3 bxc3 42. Qb3 Rd4+ 43. Kg5 a5 44. Rh3+ Ke4 45. Qxc3 a4 46.
Qf3+ Ke5 47. Qe3+ Kd5 48. f6 Kc4 49. Rh4 Rxh4 50. Kxh4 a3 51. f7 Kd5 52. f8=Q
Kc6 53. Qf6+ Kd7 54. Qee7+ 1-0

[Event "Dos Hermanas Internet qual-E 10th"]
[Site "ICC INT"]
[Date "2009.03.15"]
[Round "9"]
[White "Cubas, Jose Fernando"]
[Black "Ghaem Maghami, Ehsan"]
[Result "0-1"]
[WhiteElo "2438"]
[BlackElo "2604"]
[PlyCount "122"]
[EventDate "2009.03.15"]
[EventType "swiss (blitz)"]
[EventRounds "12"]
[EventCountry "ESP"]
[SourceTitle "CBM 129 Extra"]
[Source "ChessBase"]
[SourceDate "2009.05.05"]
[SourceVersion "2"]
[SourceVersionDate "2009.05.20"]
[SourceQuality "1"]

1. e4 e5 2. Nf3 d6 3. d4 exd4 4. Nxd4 Nf6 5. Nc3 Be7 6. Bf4 O-O 7. Qd2 Nc6 8.
O-O-O Nxd4 9. Qxd4 Be6 10. f3 a6 11. g4 b5 12. Kb1 c5 13. Qd2 c4 14. Bxd6 Bxd6
15. Qxd6 Qa5 16. a3 Rfd8 17. Qb4 Rxd1+ 18. Nxd1 Qd8 19. Nc3 Rb8 20. Qc5 Nd7 21.
Qd6 Qf6 22. Be2 h6 23. Rd1 Qe5 24. Qxe5 Nxe5 25. h3 g5 26. Nd5 Kf8 27. Nc7 a5
28. Rd6 Ke7 29. Ra6 a4 30. Ra7 Kd6 31. Nxe6 fxe6 32. Rh7 Rf8 33. Rxh6 Nxf3 34.
Bxf3 Rxf3 35. h4 gxh4 36. Rxh4 Rf4 37. b3 cxb3 38. cxb3 Rxe4 39. bxa4 bxa4 40.
Kb2 Rc4 41. Ka2 Kd5 42. Rh5+ e5 43. Rg5 Rc2+ 44. Kb1 Rg2 45. Rg8 Kc4 46. g5 e4
47. g6 Kb3 48. Kc1 Kxa3 49. g7 Ka2 50. Kd1 a3 51. Ke1 e3 52. Kf1 Rg3 53. Ke2
Ka1 54. Ke1 a2 55. Ke2 Kb2 56. Rb8+ Kc3 57. Ra8 Kb3 58. Rb8+ Kc4 59. Ra8 Kd4
60. Rxa2 Rg2+ 61. Ke1 Rxg7 0-1